000 00391nam a2200169Ia 4500
003 0STCL
008 150530s9999 xx 000 0 und d
040 _aSTCL
_cSTCL
100 _aConrad Arensberg, M.; Arthur Niehoff, H.
245 _aIntroducing social change
250 _aFirst
260 _c1965
546 _aEnglish
942 _2ddc
_cBK
999 _c9219
_d9219
005 20220125165523.0